Statistics for Europe Map Quiz

Click here to take the quiz!

General Stats

  • This quiz has been taken 22 times
    (21 since last reset)
  • The average score is 35 of 42

Answers on the Map

Answers color-coded by a green-red scale on the quiz's map according to % correct below.
 

Answer Stats

Answer% Correct
Ireland
100%
UK
100%
Croatia
93%
Finland
93%
France
93%
Germany
93%
Iceland
93%
Italy
93%
Luxembourg
93%
Monaco
93%
Norway
93%
Spain
93%
Ukraine
93%
Vatican city
93%
Andorra
87%
Belgium
87%
Estonia
87%
Greece
87%
liechtenstein
87%
Lithuania
87%
Malta
87%
Poland
87%
Sweden
87%
Austria
80%
Belarus
80%
Czechia
80%
Latvia
80%
Moldova
80%
Montenegro
80%
North Macedonia
80%
Romania
80%
Albania
73%
Hungary
73%
Kosovo
73%
Netherlands
73%
San Marino
73%
Serbia
73%
Slovakia
73%
Switzerland
73%
Bosnia and Herzegovina
67%
Bulgaria
67%
Slovenia
67%

Score Distribution

Percentile by Number Answered

Percent of People with Each Score

Your Score History

You have not taken this quiz since the last reset